MaʻArik al-sharaf. (Record no. 46436)

MARC details
000 -LEADER
fixed length control field 00522cam a22002171 4500
001 - CONTROL NUMBER
control field ne 63002374
003 - CONTROL NUMBER IDENTIFIER
control field DLC
005 - DATE AND TIME OF LATEST TRANSACTION
control field 20260227111752.0
008 - FIXED-LENGTH DATA ELEMENTS--GENERAL INFORMATION
fixed length control field 890908s1963 xx 000 0 ara
010 ## - LIBRARY OF CONGRESS CONTROL NUMBER
LC control number ne 63002374
035 ## - SYSTEM CONTROL NUMBER
System control number (OCoLC)23482755
040 ## - CATALOGING SOURCE
Original cataloging agency DLC
Transcribing agency MiU
Modifying agency DLC
042 ## - AUTHENTICATION CODE
Authentication code premarc
050 00 - LIBRARY OF CONGRESS CALL NUMBER
Classification number DS225
Item number .H26
100 1# - MAIN ENTRY--PERSONAL NAME
Personal name Hāphija, Hāsāna
245 10 - TITLE STATEMENT
Title MaʻArik al-sharaf.
260 ## - PUBLICATION, DISTRIBUTION, ETC.
Date of publication, distribution, etc. [1963]
300 ## - PHYSICAL DESCRIPTION
Extent 99 p.
Other physical details illus., ports.
Dimensions 20 cm.
490 0# - SERIES STATEMENT
Series statement #
650 #0 - SUBJECT ADDED ENTRY--TOPICAL TERM
Topical term or geographic name entry element Arabs
General subdivision History
Form subdivision Anecdotes.

No items available.

Powered by Koha